| Tag |
First Indicator |
Second Indicator |
Subfields |
| LEADER |
00000cam a2200000ua 4500 |
| 001 |
in00001458721 |
| 005 |
20151020163452.0 |
| 008 |
960926s1964 ru cgh 000 0brus d |
| 035 |
|
|
|a (OCoLC)35729725
|
| 035 |
|
|
|9 AJC4562AM
|
| 040 |
|
|
|a PUL
|c PUL
|d UtOrBLW
|
| 049 |
|
|
|a TXAM
|
| 050 |
1 |
4 |
|a ML410.M573
|b S5 1964
|
| 245 |
0 |
0 |
|a N.I︠A︡. Mi︠a︡skovskiĭ :
|b sobranie materialov v dvukh tomakh /
|c [redakt︠s︡ii︠a︡, sostavlenie p primechanii︠a︡ S. Shlifshteĭna].
|
| 250 |
|
|
|a 2. izd.
|
| 264 |
|
1 |
|a Moskva :
|b Muzyka,
|c 1964.
|
| 300 |
|
|
|a 2 volumes :
|b facsimiles, music, portraits ;
|c 21 cm.
|
| 336 |
|
|
|a text
|b txt
|2 rdacontent
|
| 337 |
|
|
|a unmediated
|b n
|2 rdamedia
|
| 338 |
|
|
|a volume
|b nc
|2 rdacarrier
|
| 505 |
0 |
|
|a T. 1. Statʹi, ocherki, vospominanii︠a︡ o N. I︠A︡. Mi︠a︡skovskom.--T. 2. Literaturnoe nasledie. Pisʹma.
|
| 600 |
1 |
0 |
|a Mi︠a︡skovskiĭ, N.
|q (Nikolaĭ),
|d 1881-1950.
|
| 650 |
|
0 |
|a Composers
|z Russia
|v Biography.
|
| 650 |
|
0 |
|a Composers
|z Soviet Union
|v Biography.
|
| 700 |
1 |
|
|a Shlifshteĭn, S. I.
|q (Semen Isaakovich)
|
| 999 |
|
|
|a MARS
|
| 999 |
f |
f |
|s 07f0907a-5c52-37fd-96a7-79af748430d2
|i 34e3b57d-e83c-39ff-b5e5-6516097e178c
|t 0
|
| 952 |
f |
f |
|p ric
|a Texas A&M University
|b Rellis Campus
|c Joint Library Facility
|d Remote Storage
|t 0
|e ML410.M573 S5 1964
|h Library of Congress classification
|i unmediated -- volume
|k t.2
|m A14823788608
|
| 952 |
f |
f |
|p ric
|a Texas A&M University
|b Rellis Campus
|c Joint Library Facility
|d Remote Storage
|t 0
|e ML410.M573 S5 1964
|h Library of Congress classification
|i unmediated -- volume
|k t.1
|m A14833823387
|
| 998 |
f |
f |
|a ML410.M573 S5 1964
|s t.1-t.2
|t 0
|l Remote Storage
|